000 00369nam a22001577a 4500
005 20160628154020.0
008 160628b xxu||||| |||| 00| 0 eng d
020 _a81-7188-300-1
041 _aeng
082 _b10785
245 _aTenth Five Year Plan (2002-2007)
260 _bAcademic Foundation
_c2003
300 _a222
650 _aManagement
_9241
942 _cBK
999 _c4530
_d4529